| 000 | 00635nac a22001691u 4500 | ||
|---|---|---|---|
| 008 | 080812t sy||||| ||| 00| 0ara d | ||
| 082 |
_a121 _bح م د |
||
| 245 |
_aالمعرفة والتجربة : _bدراسة في نظرية المعرفة عند ديفيد هيوم / _cانصاف حمد . |
||
| 260 |
_aدمشق : _bوزارة الثقافة ، 2006 _c2006. |
||
| 300 |
_a448 ص ؛ _c24 سم. |
||
| 504 | _aببليوجرافية: ص 437-445 | ||
| 511 | _aCatalogued by: Sara | ||
| 650 |
_aالإدراك _916871 |
||
| 650 |
_aاليقين _915996 |
||
| 650 |
_aالمذهب التجريبي _922265 |
||
| 942 |
_cBB _k121ح م د _2ddc |
||
| 999 |
_c6633 _d6633 |
||